000 01346cpcaa2200325 a 4500
001 mm 98006389
003 DLC
005 20260227111726.0
008 980310|||||||||||| eng
010 _amm 98006389
040 _aDLC
_cDLC
_dDLC
_edacs
072 7 _aC
_2lcmd
100 1 _aHopkins, George F.
_q(George Folliet),
_d1769-1848.
245 0 0 _aGeorge F. Hopkins correspondence,
_f1847.
300 _a2
_fitems.
506 0 _aOpen to research.
520 8 _aALS (8 February 1847; New York) from Hopkins to John C. Hamilton concerning the reaction of his father, Alexander Hamilton, to the edition of the Federalist published by Hopkins in 1802. Includes a handwritten transcript of the letter.
530 _aHandwritten transcript, in part.
545 0 _aAuthor, printer, and publisher.
546 _aCollection material in English.
580 _aForms part of: Miscellaneous Manuscripts collection.
600 1 0 _aHamilton, Alexander,
_d1757-1804.
600 1 0 _aHamilton, John C.
_q(John Church),
_d1792-1882
_vCorrespondence.
630 0 0 _aFederalist.
656 7 _aAuthors.
_2itoamc
656 7 _aPrinters.
_2itoamc
656 7 _aPublishers.
_2itoamc
999 _c44461
_d44461